[Event "Montreal 4th"]
[Site "Montreal"]
[Date "2003.07.28"]
[Round "6"]
[White "Nataf, Igor Alexandre"]
[Black "Lesiege, Alexandre"]
[Result "1-0"]
[WhiteElo "2549"]
[BlackElo "2535"]
[Annotator "Huzman,A"]
[PlyCount "81"]
[EventDate "2003.07.23"]
[EventType "tourn"]
[EventRounds "11"]
[EventCountry "CAN"]
[EventCategory "11"]
[SourceTitle "CBM 097"]
[Source "ChessBase"]
[SourceDate "2003.11.11"]
[SourceVersion "1"]
[SourceVersionDate "2003.11.11"]
[SourceQuality "1"]

1. e4 e5 2. Nf3 Nf6 3. Nxe5 d6 4. Nf3 Nxe4 5. d4 d5 6. Bd3 Bd6 7. O-O O-O 8. c4
c6 9. Qc2 Na6 10. a3 Re8 11. Nc3 Bg4 12. Nxe4 dxe4 13. Bxe4 Bxf3 14. Bxf3 Qh4
15. g3 Qxd4 16. Rb1 $1 $146 {[%cal Gb2b5][%mdl 12] This move is a very strong
novelty.The idea of it is to open diagonal for the Bf3 by pawn promoting b4-b5.
} Nc5 (16... Qf6 17. Be4 g6 18. b4 Nc7 19. b5 $16) 17. b4 Qd3 (17... Nd3 18.
Be3 Rxe3 19. fxe3 Qxe3+ 20. Kg2 Ne5 21. c5 (21. Rbd1 Bc7 22. a4 $16) 21... Bc7
22. Be4 Rd8 23. Rf2 Qh6 {[%cal Ye5g4]} 24. Qe2 $16) 18. Qxd3 Nxd3 19. Rd1 $1 (
19. Be3 Ne5 20. Be2 a6 21. Rbd1 Bc7 $14) 19... Ne5 (19... Re1+ 20. Rxe1 Nxe1
21. Be2 $5 (21. Be4 Re8 22. f3 f5 23. Bxf5 Nxf3+ 24. Kg2 Ne1+ 25. Kh3 $14)
21... Re8 (21... Nc2 22. Bb2 Re8 23. Kf1 Be5 24. Bxe5 Rxe5 25. Rd1 Kf8 26. Bd3
(26. Rd2 Nxa3 27. Ra2 Nb1 28. Bd3 Nc3 29. Ra3 Ne4 30. Rxa7 Nd2+ 31. Kg2 Re7 32.
c5 $16 {[%csl Rb7,Rc6]}) 26... Nd4 27. Bxh7 Nf3 28. Rd8+ Re8 29. Rxe8+ Kxe8 30.
Ke2 Nxh2 31. Bf5 $16 {[%csl Rh2]}) 22. Rb2 Nd3 23. Bxd3 Re1+ 24. Bf1 Rxc1 25.
Rd2 Bf8 26. Rd7 Ra1 27. Rxb7 Rxa3 28. b5 $1 cxb5 29. cxb5 $16 {[%cal Gf1c4]}) (
19... Nxc1 20. Rxd6 Re1+ 21. Kg2 Nd3 22. Rd1 $1 Rxd1 23. Bxd1 Ne5 24. Be2 {
[%cal Gf2f4]} g5 25. f4 gxf4 26. gxf4 Ng6 27. Kf3 Re8 28. Bd3 Kf8 29. c5 $14 {
/+/-}) 20. Bxc6 bxc6 (20... Nxc6 21. Rxd6 Re1+ 22. Kg2 Ne5 23. c5 Nc4 24. Rd3
$16) 21. Rxd6 c5 (21... Nxc4 22. Rxc6 Re1+ 23. Kg2 Nxa3 24. Ra1 Nb5 25. Ra5 Re5
26. Be3 $16 {[%csl Ra7]}) 22. bxc5 Nxc4 23. Ra6 $1 Re1+ 24. Kg2 h6 25. c6 Rc8
26. h4 Nb6 (26... Ne5 27. Rb5 Nxc6 28. Be3 $16) 27. Rxa7 Rxc6 28. Ra6 Rcxc1 29.
Rxc1 Rxc1 30. Rxb6 Ra1 31. Rb3 $1 h5 32. Kf3 Ra2 33. Ke3 f6 34. f4 $18 {
White have clear winning plan.Ke3 moves to the queen's side and helps pawn a3
go forward.In favour of White Black have no counterplay.} g5 35. fxg5 fxg5 36.
hxg5 Kg7 37. Kd3 Kg6 38. Kc4 Kxg5 39. Kb5 Rf2 40. a4 Rf5+ 41. Kb4 1-0

[Event "Biel GM"]
[Site "Biel"]
[Date "2003.07.29"]
[Round "8"]
[White "Smirin, Ilia"]
[Black "Morozevich, Alexander"]
[Result "1/2-1/2"]
[WhiteElo "2656"]
[BlackElo "2679"]
[Annotator "Huzman,A"]
[PlyCount "49"]
[EventDate "2003.07.21"]
[EventType "tourn"]
[EventRounds "11"]
[EventCountry "SUI"]
[EventCategory "16"]
[SourceTitle "CBM 097"]
[Source "ChessBase"]
[SourceDate "2003.11.11"]
[SourceVersion "1"]
[SourceVersionDate "2003.11.11"]
[SourceQuality "1"]

1. e4 e5 2. Nf3 Nf6 3. Nxe5 d6 4. Nf3 Nxe4 5. d4 d5 6. Bd3 Bd6 7. O-O O-O 8. c4
c6 9. cxd5 cxd5 10. Nc3 Nxc3 11. bxc3 Bg4 12. Rb1 Nd7 13. h3 Bh5 14. Rb5 Nf6
15. Bg5 Rc8 16. g4 (16. Rxb7 Rxc3 17. Qd2 (17. Rxa7 Bxf3 $5 18. Qxf3 Qb6 19.
Bxf6 (19. Ra6 Qxa6 20. Bxa6 Rxf3 21. gxf3 Ra8 $11) (19. Ra4 Ne4 20. Bh4 Qc6 $1
$15) 19... Rxd3 $1 (19... Qxa7 20. Bxh7+ $1 Kxh7 (20... Kh8 21. Qh5 $18) 21.
Qh5+ Kg8 22. Qg5 g6 23. Qh6 $18) 20. Qg4 (20. Qxd3 Qxa7 21. Be5 Bxe5 22. dxe5
Qxa2 $11) 20... Bh2+ $1 21. Kxh2 Qxf6 22. Ra4 Qc6 23. Ra7 (23. Qf5 Qxa4 24.
Qxd3 Qxa2 $11) 23... Qb6 $11) 17... Rc7 (17... Qc8 $1 18. Bxf6 Rxd3 19. Qxd3
Qxb7 $15) 18. Rxc7 Bxc7 19. Ne5 Re8 20. f4 Bb6 21. Bb5 $16 {1-0 Chowdhury,
S-Radha,S/Calcutta 1994/EXT 97 (58)}) 16... Bg6 17. Bxg6 (17. Rxb7 Rxc3 18. Rb3
Bxd3 (18... Qc7 $5 19. Bxf6 gxf6 $15) 19. Rxc3 Bxf1 20. Qxf1 Qa5 21. Rc6 Ne4
22. Qa6 Qb4 23. Qxa7 f5 24. Rb6 Qc3 25. Rb7 Nxg5 26. Rxg7+ Kh8 27. Nxg5 {
1-0 Berthelot,Y-Grimberg,G/Clichy 1993/EXT 97 (27)}) 17... hxg6 18. Qb3 b6 19.
Re1 Re8 20. Rxe8+ Qxe8 21. Bxf6 gxf6 22. Rxd5 Bf8 $44 {Black have full
compensation for sacrifising pawn as Kg1 is weak and pawn c3 also needs to be
protected.} 23. g5 $5 Qe6 $1 {[%cal Ye6d5,Ye6h3]} 24. gxf6 (24. Kg2 Rxc3 25.
Qxc3 Qxd5 $17) 24... Rxc3 $1 (24... Qxh3 25. Ng5 Qxc3 26. Qxc3 Rxc3 27. Rd7 $16
) 25. Qxc3 (25. Qxc3 Qxd5 26. a4 a6 $11) 1/2-1/2

[Event "RUS-CHN Summit Men 2nd"]
[Site "Moscow"]
[Date "2004.08.12"]
[Round "3"]
[White "Zhang, Zhong"]
[Black "Motylev, Alexander"]
[Result "1/2-1/2"]
[WhiteElo "2603"]
[BlackElo "2658"]
[Annotator "Huzman,A"]
[PlyCount "58"]
[EventDate "2004.08.10"]
[EventType "schev"]
[EventRounds "6"]
[EventCountry "RUS"]
[SourceTitle "CBM 103"]
[Source "ChessBase"]
[SourceDate "2004.11.11"]
[SourceVersion "1"]
[SourceVersionDate "2004.11.11"]
[SourceQuality "1"]
[WhiteTeam "China"]
[BlackTeam "Russia"]
[WhiteTeamCountry "CHN"]
[BlackTeamCountry "RUS"]

1. e4 e5 2. Nf3 Nf6 3. Nxe5 d6 4. Nf3 Nxe4 5. c4 Be7 6. Nc3 Nxc3 7. dxc3 O-O 8.
Bd3 Nd7 9. Qc2 (9. O-O Nc5 10. Bc2 Bf6 11. Re1 Be6 12. Nd4 Bd7 13. Qf3 a5 14.
Be3 g6 15. Nb3 Bc6 16. Qg4 Nxb3 17. axb3 Re8 $11 {0-1 Berclaz,P-Kosebay,O/ICCF
Email 2001/ICCF Telechess (55)}) 9... g6 (9... Nf6 10. Be3 c6 11. O-O-O Qa5 12.
Kb1 b5 13. cxb5 cxb5 14. Nd4 Bd7 15. Rhe1 $16 {1-0 Rodriguez Vinuesa,
A-Hernandez,Y/Ayamonte 2002/CBM 90 ext (30)}) (9... h6 10. Be3 Bf6 11. O-O-O
Ne5 12. Nxe5 Bxe5 13. f4 Bf6 14. Qf2 Re8 15. h3 $36 {[%cal Gg2g5] 1/2-1/2
Velimirovic,D-Motylev,A/Novi Sad 2000/EXT 2001 (70)}) 10. Be3 (10. Bh6 Re8 11.
O-O-O Nc5 12. Rde1 Bg4 13. Nd2 Bf6 14. h3 Bd7 15. Nf3 Bc6 16. Be3 Bxf3 17. gxf3
Nxd3+ 18. Qxd3 Re5 $15 {1/2-1/2 Kuzmin,G-Strelnikov,O/Alushta 1998/EXT 2000 
(50)}) 10... Nc5 11. Be2 (11. O-O-O Nxd3+ 12. Qxd3 Bf5 13. Qd2 c5 14. Bg5 Bxg5
15. Nxg5 Qa5 16. b3 b5 17. cxb5 c4 $40 {1/2-1/2 Areshchenko,A-Mista,A/Cappelle
la Grande FRA 2003/(25)}) (11. Bxc5 dxc5 12. O-O-O Bd6 $11) 11... Re8 (11...
Bf5 12. Qd2 Ne4 $11) 12. Rd1 b6 (12... Bf5 13. Qc1 $14) 13. b4 (13. Nd4 Bg5 14.
Bxg5 Qxg5 15. O-O Bb7 16. Bf3 $11) 13... Bf5 14. Qc1 Nd7 15. O-O (15. Nd4 Be4
16. O-O a5 17. Qd2 Bf6 $11) 15... a5 16. a3 Be4 17. Rfe1 Qc8 18. Nd4 Ne5 19. f3
Bb7 20. Bf2 Bf8 21. Nb5 Bg7 22. Qf4 ({Move} 22. c5 {was the only possibility
to fight for an advantage.} bxc5 23. bxc5 d5 (23... dxc5 24. Bxc5 $14) 24. Bd4
Rb8 25. a4 $14) 22... Bc6 23. Nd4 (23. c5 bxc5 24. bxc5 Bxb5 (24... Nd7 $6 25.
Bc4 $1 (25. cxd6 Rxe2 26. Rxe2 Bxb5 27. c4 Ba4 28. Rde1 cxd6 29. Re7 Nf6 $15)
25... Rxe1+ 26. Rxe1 Ne5 (26... d5 27. Bd3 (27. Bxd5 Bxd5 28. Nxc7 Qb7 (28...
Be6 29. Nxa8 Qxa8 30. Qc7 $1) 29. c4 Be6 30. Nxa8 Qxa8 31. Qc7)) 27. cxd6 Nxc4
28. Nxc7 $1 Nxa3 29. Re7 $18) 25. Bxb5 c6 26. Bf1 d5 $11) 23... axb4 24. axb4
Bb7 $11 25. Bf1 Ba6 26. Nc2 Bb7 27. Nd4 Ba6 28. Nc2 Bb7 29. Nd4 Ba6 1/2-1/2

[Event "Abu Dhabi op 14th"]
[Site "Abu Dhabi"]
[Date "2004.08.20"]
[Round "6"]
[White "Timofeev, Artyom"]
[Black "Raetsky, Alexander"]
[Result "1-0"]
[WhiteElo "2611"]
[BlackElo "2399"]
[Annotator "Huzman,A"]
[PlyCount "51"]
[EventDate "2004.08.14"]
[EventType "swiss"]
[EventRounds "9"]
[EventCountry "UAE"]
[SourceTitle "CBM 103"]
[Source "ChessBase"]
[SourceDate "2004.11.11"]
[SourceVersion "1"]
[SourceVersionDate "2004.11.11"]
[SourceQuality "1"]

1. e4 e5 2. Nf3 Nf6 3. Nxe5 d6 4. Nf3 Nxe4 5. d4 d5 6. Bd3 Bd6 7. O-O O-O 8.
Re1 Re8 9. c4 c6 10. cxd5 cxd5 11. Nc3 Nxc3 12. Rxe8+ Qxe8 13. bxc3 Bg4 (13...
Nc6 14. Qb3 Qd7 15. g3 Bf8 16. Ba3 Bxa3 17. Qxa3 Qd8 18. Re1 Be6 19. Qc1 h6 20.
Nh4 Rc8 21. Qd2 Qa5 $11 {1-0 Kasparov,G-Ehlvest,J/Moscow 2002/CBM 90 (61)}) 14.
Be3 (14. Rb1 Qe7 15. h3 Bh5 16. Rb5 Qd7 17. c4 $16 {1/2-1/2 Topalov,V-Gelfand,
B/Monaco 2002/CBM 87 ext (35)}) (14. Bd2 Qd7 15. Rb1 b6 16. Rb5 a6 17. Rb1 Bc7
18. h3 {1/2-1/2 Morovic Fernandez,I-Pavasovic,D/Pinamar 2002/CBM 88 (18)})
14... Qd8 (14... Qd7 $142 15. Rb1 Nc6 16. h3 Bh5 17. Ne5 Bxd1 18. Nxd7 Ba4 19.
Nc5 Bxc5 20. dxc5 Nd8 21. f4 Rc8 22. Kf2 Rc7 (22... Bc6 23. g4 f6 24. h4 Ne6
25. f5 Nf8 26. c4 Nd7 27. Be2 Ne5 $11 {1/2-1/2 Grischuk,A-Tkachiev,V/Belfort
FRA 2004/(34)}) 23. g4 f6 24. c4 d4 25. Bxd4 Rd7 26. Ke3 Ne6 27. Bf5 Re7 28.
Bxe6+ Rxe6+ 29. Kd3 Bc6 $11 {1/2-1/2 Yemelin,V-Solozhenkin,E/St Petersburg
2000/CBM 77 (51)}) 15. Rb1 (15. h3 Bh5 16. Qb1 (16. Rb1 $5 b6 17. c4 Nd7 18.
cxd5 Nf6 19. g4 Bg6 20. Bxg6 hxg6 21. Bg5 Bf8 $11) 16... Bxf3 17. Qxb7 Nd7 18.
gxf3 Nb6 $44) 15... Nd7 16. h3 (16. Rxb7 Nb6 17. Qc2 Bxf3 (17... Bc8 18. Bxh7+
Kf8 19. Rxb6 axb6 $13) 18. gxf3 Qc8 19. Ba6 Qh3 $40) 16... Bxf3 17. Qxf3 Nb6
18. a4 $16 {White has a clear advantage due to the weakness of the pawn d5 and
the pair of bishops.} Rb8 19. a5 Na4 20. Bd2 Qxa5 21. Rb5 (21. Qf5 g6 22. Qf6
Bf8 23. Rb5 Qc7 24. Bf4 Qd8 25. Qe5 Rc8 26. Rxd5 Qe8 $14) 21... Qc7 22. Rxd5
Rd8 $2 (22... Nb6 $142 23. Rxd6 Qxd6 24. Bf4 Qd8 25. Bxb8 Qxb8 26. Be4 Qc7 27.
Bxb7 a5 28. Bc6 h6 29. Qe4 $16) 23. Rb5 $6 ({White didn't find the way to
advantage connected with the weakness of the 8th horizontal.} 23. Bf4 $1 Qe7 (
23... Nxc3 24. Rxd6 Rxd6 25. Qe3 Kf8 26. Qe5 $18) (23... Bxf4 24. Qxf4 Qe7 (
24... Qb6 25. Bxh7+ $18) 25. Qe4 $1 $18) (23... g6 24. Rxd6 Rxd6 25. Qg3 $18)
24. Bxd6 Rxd6 25. Rxd6 Qxd6 26. Qxb7 $18) 23... Nb6 24. h4 a6 25. Rg5 Re8 $4 {
[%mdl 8192] Black overlooked a typical mating combination.} (25... g6 26. h5
Rd7 27. Qg4 $40) 26. Rxg7+ (26. Rxg7+ Kxg7 27. Bh6+ Kxh6 (27... Kg8 28. Qg4+
Kh8 29. Qg7#) 28. Qf6+ Kh5 29. Qg5#) 1-0

[Event "American Continental 2nd"]
[Site "Buenos Aires"]
[Date "2003.08.28"]
[Round "10"]
[White "Zapata, Alonso"]
[Black "Alzate, Dario"]
[Result "1-0"]
[WhiteElo "2543"]
[BlackElo "2426"]
[Annotator "Huzman,A"]
[PlyCount "51"]
[EventDate "2003.08.17"]
[EventType "swiss"]
[EventRounds "11"]
[EventCountry "ARG"]
[SourceTitle "CBM 097"]
[Source "ChessBase"]
[SourceDate "2003.11.11"]
[SourceVersion "1"]
[SourceVersionDate "2003.11.11"]
[SourceQuality "1"]

1. e4 e5 2. Nf3 Nf6 3. Nxe5 d6 4. Nf3 Nxe4 5. Nc3 Nxc3 6. dxc3 Be7 7. Bf4 O-O
8. Qd2 Nd7 9. O-O-O Nc5 10. Kb1 a5 (10... c6 11. Nd4 d5 12. f3 Ne6 13. Nf5 Bg5
14. Bxg5 Qxg5 15. Bd3 Qxd2 16. Rxd2 g6 17. Ne7+ Kg7 18. Nxc8 Raxc8 {1/2-1/2
Dolgener,T-Barth,N/Budapest 2000/CBM 75 ext (18)}) (10... Be6 11. Nd4 Bf6 12.
Nxe6 Nxe6 13. Be3 Nc5 14. g4 Ne4 15. Qd3 Re8 16. Bg2 Nc5 17. Qd5 $16 {1-0
Leray,J-Nay,R/Fouesnant 2002/EXT 2003 (36)}) (10... Bf6 11. Be3 (11. Nd4 d5 12.
f3 Ne6 13. Nxe6 Bxe6 14. g4 Be7 15. h4 c5 16. g5 Qa5 17. Bh3 Bxh3 18. Rxh3 Rad8
19. Qh2 Qb5 20. h5 d4 $132 {0-1 Stehno,P-Studnicka,T/Lahucovice CZE 2003/(61)})
11... b6 (11... Re8 12. Bc4 Be6 13. Bxe6 Rxe6 14. Nd4 Re8 15. f3 Nd7 16. Qf2
Ne5 17. Bc1 d5 18. Nf5 c6 19. g4 Ng6 20. h4 Re5 21. h5 Ne7 22. Ng3 $16 {
1-0 Totsky,L-Bezgodov,A/RUS-Cup Tula 1999 (32)}) 12. Nd4 Bb7 13. f3 a6 14. h4
Re8 15. Rh3 Bc8 16. Nc6 $1 Qd7 17. Nb4 Bb7 18. g4 a5 19. Nd3 Nxd3 20. Bxd3 b5
21. Bg5 $1 $36 {1-0 Shirov,A-Morozevich,A/Moscow 2002/CBM 91/[Huzman] (71)})
11. Be3 Ne6 (11... Bf6 12. Nd4 a4 13. f3 Re8 14. g4 Bd7 15. h4 a3 16. b3 Bc6
17. Rh3 Qd7 18. g5 Be7 19. h5 Ne6 20. g6 $40 {1-0 Nguyen Thi Thuan Hoa-Vang
Thi Thu Hang/Dong Thap VIE 2003/(38)}) 12. h4 Re8 13. Bd3 $36 {>>} d5 14. Ng5
Nf8 15. Qe2 Bf6 16. Qf3 (16. Bxh7+ $2 Nxh7 17. Qh5 Bxg5 18. hxg5 Bf5 $19) 16...
c6 17. g4 {/\18.Nf7 Kf719.g5->} Rxe3 $1 (17... Qe7 18. Rde1 h6 19. Bd2 Qd7 20.
Rxe8 Qxe8 21. Nh3 {[%cal Gg4g5]} Bxh4 22. g5 $40) 18. fxe3 (18. Qxe3 Bxg4 19.
Rde1 Bh5 20. Nh3 Ng6 21. Nf4 Nxf4 22. Qxf4 b5 23. Be2 $16) 18... Bxg5 19. hxg5
Qxg5 20. Rdf1 f6 $6 (20... Be6 $142 21. Qg3 (21. Bf5 Bxf5 22. gxf5 Re8 23. Rh3
Qf6 $14) 21... Re8 $44) 21. Bf5 (21. Rfg1 {[%csl Rg5][%cal Gh1h5]} g6 22. c4 (
22. Qg3 Qe5 $16) 22... Be6 $16) 21... Bxf5 22. gxf5 Re8 23. Rh3 {[%csl Rg5]
[%cal Gh3g3]} Nd7 (23... Re5 $1 24. Qf2 (24. Rg3 $140 Rxf5) 24... Nd7 {[%cal
Yd7c5,Yc5e4]} 25. Rg3 Qh5 26. Rfg1 Re7 27. Qg2 Qf7 $16) 24. Rg3 Qh4 $2 (24...
Qh6 $142 25. Rfg1 Ne5 26. Qg2 (26. Rxg7+ Qxg7 27. Rxg7+ Kxg7 28. Qg3+ Kf7 $14)
26... g5 27. fxg6 hxg6 28. Rh3 Qg7 29. e4 dxe4 30. Qxe4 $16) 25. Rfg1 Re7 26.
Qg2 $1 (26. Qg2 Qh6 27. Rh3 Qg5 28. Qf2 $18) 1-0

[Event "FIDE-Wch k.o."]
[Site "Tripoli"]
[Date "2004.06.22"]
[Round "2.7"]
[White "Ye, Jiangchuan"]
[Black "Ni, Hua"]
[Result "1-0"]
[WhiteElo "2681"]
[BlackElo "2587"]
[Annotator "Huzman,A"]
[PlyCount "89"]
[EventDate "2004.06.19"]
[EventType "k.o."]
[EventRounds "7"]
[EventCountry "LBY"]
[SourceTitle "CBM 102"]
[Source "ChessBase"]
[SourceDate "2004.09.23"]
[SourceVersion "1"]
[SourceVersionDate "2004.09.23"]
[SourceQuality "1"]

1. e4 e5 2. Nf3 Nf6 3. Nxe5 Nxe4 4. Qe2 Qe7 5. Qxe4 d6 6. d4 dxe5 7. dxe5 Nc6
8. Bf4 g5 9. Bd2 (9. Bb5 Bd7 10. Bd2 f5 11. Qe2 O-O-O 12. O-O f4 (12... Bg7 $11
) 13. Bc3 $14 {1/2-1/2 Seknadje,J-Nuvoloni,D/Paris 1989/TD (23)}) (9. Be3 f5
10. Qd5 Nb4 (10... Be6 11. Qd3 f4 $36) 11. Qb3 f4 12. Bd4 Bf5 13. Na3 O-O-O $44
{0-1 Isaeva,A-Szczygiel,A/Litomysl 1994/TD (30)}) (9. Bg3 $4 f5 10. Qe3 f4 $19
{1/2-1/2 Przytycka,J-Starczewska,M/Augustow 1996/EXT 2003 (47)}) 9... f5 (9...
Nxe5 10. Nc3 f5 11. Qe2 Bg7 12. O-O-O Be6 13. Qh5+ Nf7 14. Bb5+ c6 15. Rhe1
O-O-O 16. Bc4 Rd6 17. f4 $16 {1-0 Pisk,P-Kiritsenko,V/Karvina 1992/EXT 97 (39)}
) 10. Qe2 Bg7 (10... Be6 $142 11. Qh5+ Bf7 12. Qxg5 Qxe5+ 13. Qe3 O-O-O 14.
Qxe5 Nxe5 15. Be2 Rg8 16. Bc3 Re8 $44 {1-0 Hernandez Estevez,Y-Garcia,L/
Pamplona 1995/EXT 99 (37)}) 11. Nc3 Nd4 (11... Be6 12. Qh5+ Bf7 13. Qxg5 Qxe5+
14. Qe3 $16) (11... Bxe5 12. O-O-O Be6 13. Qh5+ Qf7 14. Qxg5 $16) 12. Qh5+ Qf7
13. Qxf7+ Kxf7 14. O-O-O $16 f4 (14... h6 15. f4 $16) 15. Bxf4 $1 (15. Ne4 $5
h6 16. Bc3 Nc6 17. Bc4+ $16) 15... gxf4 16. Rxd4 Bxe5 17. Bc4+ Be6 $2 (17...
Kg6 18. Re4 Bxc3 19. bxc3 Rf8 20. Rhe1 $16) 18. Bxe6+ (18. Re4 Bxc4 19. Rxe5
$18 {[%csl Rf4][%cal Ge5e4,Ge4f4,Ye5f5,Yf5f4]}) 18... Kxe6 19. Re1 Kf5 20. Rd5
Rhe8 21. g4+ $1 Kf6 $2 (21... fxg3 22. hxg3 c6 23. Rc5 Kf6 24. Ne4+ Kg6 $16)
22. g5+ Kf5 23. Nb5 $1 $18 Rac8 (23... f3 24. Nxc7 Rad8 25. Rexe5+ Rxe5 26.
Rxd8 Re1+ (26... Re2 27. Rf8+ Kg4 28. h3+ $18) 27. Rd1 Re2 28. Rf1 $18) 24.
Nd4+ Kxg5 25. Rdxe5+ Rxe5 26. Rxe5+ Kg4 27. f3+ Kh3 28. Rh5+ Kg2 29. b4 c5 30.
bxc5 Rd8 31. c3 Kf2 32. Kd2 Rd7 33. Kd3 Re7 34. a4 a6 35. a5 Rf7 36. Ke4 Ke1
37. Rf5 Rc7 38. Kxf4 Kd2 39. c4 Kd3 40. Ne6 Re7 41. Ke5 Kxc4 42. Kd6 Re8 43.
Rf7 Kb5 44. Rxb7+ Kxa5 45. c6 1-0

[Event "FIDE-Wch k.o."]
[Site "Tripoli"]
[Date "2004.06.29"]
[Round "5.2"]
[White "Akopian, Vladimir Eduardovic"]
[Black "Adams, Michael"]
[Result "1/2-1/2"]
[WhiteElo "2689"]
[BlackElo "2731"]
[Annotator "Huzman,A"]
[PlyCount "93"]
[EventDate "2004.06.19"]
[EventType "k.o."]
[EventRounds "7"]
[EventCountry "LBY"]
[SourceTitle "CBM 102"]
[Source "ChessBase"]
[SourceDate "2004.09.23"]
[SourceVersion "1"]
[SourceVersionDate "2004.09.23"]
[SourceQuality "1"]

1. e4 e5 2. Nf3 Nf6 3. Nxe5 d6 4. Nf3 Nxe4 5. d4 d5 6. Bd3 Nc6 7. O-O Be7 8. c4
Nb4 9. Be2 O-O 10. Nc3 Be6 11. Ne5 f6 12. Nf3 Kh8 13. Re1 f5 14. a3 Nc6 15.
cxd5 Bxd5 16. Bf4 (16. Bd3 Bf6 17. Be3 Nxc3 18. bxc3 Qd7 19. Ng5 {[%cal Gc3c4]}
Ne7 20. c4 Bg8 21. Rb1 b6 22. Nf3 $14 {1/2-1/2 Svidler,P-Adams,M/New Delhi/
Theran 2000/CBM 81/[Huzman] (37)}) 16... Nxc3 17. bxc3 Bd6 18. Bxd6 (18. Qd2
Qf6 $11) 18... Qxd6 19. Bb5 Qg6 20. Bxc6 $5 (20. Qd3 Be4 21. Qe3 Rae8 $11)
20... bxc6 ({It is interesting what White meant in case of} 20... Qxc6 {
Pawn sacrifice by} 21. Ne5 {leads to an unclear position} (21. Re3 f4 22. Re5
Rae8 $15) 21... Qxc3 22. Re3 Qb2 (22... Qa5 23. Qh5 Rf6 24. Rae1) 23. Rb1 Qa2
24. Qc1 Be4 $13) (20... Bxc6 21. d5 Bb5 22. Ne5 $16) 21. g3 f4 22. Ne5 Qh6 23.
c4 fxg3 24. fxg3 Be6 $1 {[%cal Ye6h3]} (24... Rf2 25. Kxf2 Qxh2+ 26. Ke3 Qxg3+
27. Kd2 $18) 25. Qc1 Qh5 26. Nd3 $1 {[%cal Gd3f4]} (26. Nxc6 Bh3 $1 (26... Qf3
27. Qe3 Qxc6 28. Qxe6 $16) (26... Rf2 27. Kxf2 Qxh2+ 28. Ke3 Qxg3+ 29. Kd2 Qg2+
30. Re2 Qxc6 31. Qh1 $1 Qxh1 32. Rxh1 Bxc4 33. Re7 c6 34. Rg1 g6 35. Rb1 $16)
27. Ne5 Rf6 $44 {[%cal Ya8f8]}) 26... Qg4 $1 27. d5 cxd5 28. Nf4 Bg8 (28...
Rae8 29. cxd5 Bxd5 30. Nxd5 Rxe1+ 31. Qxe1 Qd4+ 32. Ne3 Rf3 33. Rd1 Rxe3 34.
Rxd4 Rxe1+ 35. Kf2 Re8 36. Rd7 Rc8 37. Ke3 $44) 29. cxd5 Rf7 $6 (29... Rf5 $142
30. Qxc7 Raf8 31. Rf1 Bxd5 32. Qxa7 (32. Nxd5 $2 Qd4+ $1 $19) 32... Bc4 $44)
30. Rb1 (30. Re4 $1 Rc8 (30... Raf8 31. Qe3 $16) 31. Qc5 $14) 30... Raf8 31.
Rb4 $1 Qf5 32. Qc5 a6 33. Rbe4 (33. Ne6 Re8 34. Rf4 Qd3 $132) 33... Qd7 34. Qc3
Qb5 35. Rb4 Qd7 36. Rbe4 Qb5 37. Rb4 Qd7 38. Rc4 Qb5 39. Rc5 (39. Ne6 Re8 40.
Rxc7 Qb6+ $1 41. Qc5 (41. Rc5 Rf6 42. Qb4 Qd6 $11) 41... Qxc7 42. Nxc7 Rxe1+
43. Kg2 Re2+ 44. Kh3 Rff2 $40) 39... Qb6 40. Ne6 Re8 41. Kg2 (41. Re3 Rd7 42.
Rc6 Qb5 $132) 41... Rf6 $1 42. Rxc7 (42. Re3 $5 Bxe6 43. dxe6 Qb7+ 44. Kg1
Rfxe6 45. Rxc7 Qxc7 46. Rxe6 $1 (46. Qxc7 Rxe3 $17) 46... Qa7+ 47. Kg2 $11)
42... Qf2+ 43. Kh1 Bxe6 (43... Rd8 $5 44. Qe3 (44. Rc5 Bxe6 45. dxe6 Rxe6 $17)
44... Rxd5 45. Nf4 Qb2 46. Qc3 $11) 44. dxe6 Rexe6 $11 45. Rc8+ Rf8 (45... Rf8
46. Rxf8+ Qxf8 47. Rxe6 $140 $4 Qf1#) 46. Rxf8+ Qxf8 47. Kg1 1/2-1/2